000
00344pam a2200157a 44500
008
230515b1978 xxu||||| |||| 00| 0 eng d
020
_a
NULL
041
_a
ENGLISH
082
_a
N.D.
100
_a
Reich J .H.
245
_a
Microwave Principle
250
_a
0
260
_a
NULL
_b
East -west Press
_c
1978
300
_a
423
650
_a
NULL
999
_c
575745
_d
575745